000 00635nam a2200193Ia 4500
003 GCL
008 140319s9999 xx 000 0 ara d
040 _aGCL /
_cGCL
082 0 4 _a813.0876
_bى م
100 1 _aيحيى الرخاوى
245 1 0 _aالمشى على الصراط - الجزء الثانى: مدرسة العراه /
_cيحيى الرخاوى
300 _a404 ص
490 _aالهيئة العامة للاستعلامات
_v0
650 0 4 _aالادب العربى
650 0 4 _aالقصص العربية
650 0 4 _aالقصص العلمية
650 0 4 _aالرواية العربية
942 _2ddc
_cBK
999 _c50938
_d50938